|
|
|
|
| LEADER |
02136nam a2200385 i 4500 |
| 001 |
nkc20203219191 |
| 003 |
CZ PrNK |
| 005 |
20220608110121.0 |
| 007 |
ta |
| 008 |
200519s2020 xr g 000 f cze |
| 015 |
|
|
|a cnb003219191
|
| 020 |
|
|
|a 978-80-7354-219-1
|q (brožováno)
|
| 035 |
|
|
|a (OCoLC)1335742574
|
| 040 |
|
|
|a ABG001
|b cze
|d ABA001
|e rda
|
| 072 |
|
7 |
|a 821.162.3-3
|x Česká próza
|2 Konspekt
|9 25
|
| 080 |
|
|
|a 821.162.3-31
|2 MRF
|
| 080 |
|
|
|a (0:82-31)
|2 MRF
|
| 100 |
1 |
|
|a Stuchlík, Jiří,
|d 1931-
|7 mzk20191035139
|4 aut
|
| 245 |
1 |
0 |
|a Kdo hodí kamenem /
|c Jiří Stuchlík
|
| 264 |
|
1 |
|a Brno :
|b Šimon Ryšavý,
|c 2020
|
| 300 |
|
|
|a 218 stran ;
|c 22 cm
|
| 336 |
|
|
|a text
|b txt
|2 rdacontent
|
| 337 |
|
|
|a bez média
|b n
|2 rdamedia
|
| 338 |
|
|
|a svazek
|b nc
|2 rdacarrier
|
| 500 |
|
|
|a Obálkový podnázev: 1938-1945-1948-1968
|
| 520 |
2 |
|
|a Román českého autora sleduje osudy řady postav skrze historické milníky let 1938 až 1968.
|b Autor na základě několika historických skutečností představuje své literární osoby v časovém sledu 1937 až 1970. Jejich osudy jsou propojeny s životem a existencí Československa a jeho obyvatel, zájmy a potřebami některých států, jejich režimů či přímo osob. V tomto lze dílo chápat i jako popis možných mocenských her, jejichž realizátory se stávají profesionálové stejně jako lidé z náhody. Kniha má své dějové členění, které dovolí čtenáři prožívat osudy každé z postav a hledat samostatnou odpověď na příčiny a důvod, proč jednala tak, jak popisuje autor. Jde o dobu složitou, výkladově i pojmově různě pojímanou každým režimem stejně, jako osobou. Nakladatelská anotace.
|
| 655 |
|
7 |
|a české romány
|7 fd133974
|2 czenas
|
| 655 |
|
9 |
|a Czech fiction
|2 eczenas
|
| 910 |
2 |
|
|a BOA001
|b 2-1474.930
|
| 920 |
|
|
|a 4535724
|z ABG001
|
| 990 |
|
|
|a BK
|
| 995 |
|
|
|a 01
|
| 991 |
|
|
|b 202201
|c NOV
|
| 996 |
6 |
|
|b 2610888108
|c 2-1474.930
|l MZK
|r Sklad / do 1 hodiny
|n 0
|p p.v.
|w 001872026
|u 000010
|a 1
|e BOA001
|j MZK50
|s P
|
| 996 |
7 |
|
|b 2610888109
|c 2-1474.930
|l MZK
|r Sklad / do 1 hodiny
|n 0
|p p.v.
|w 001872026
|u 000020
|a 1
|e BOA001
|j MZK50
|s A
|